General knowledge Quiz Stats

Quiz not verified by Sporcle

Also try: Land Things
Challenge
Share
Tweet
Embed
Score 0/7 Timer 03:00
0 Plays Today
% Correct
Hiroshima
80%
Theodore Roosevelt
60%
2009
60%
Charles Dickens
60%
True
60%
Cannberra
40%
Heidler
20%

You're not logged in!

Compare scores with friends on all Sporcle quizzes.
Join for Free
OR
Log In

You Might Also Like...

Show Comments

Extras

Created Jul 19, 2010ReportNominate

Top Quizzes Today


Score Distribution

Your Account Isn't Verified!

In order to create a playlist on Sporcle, you need to verify the email address you used during registration. Go to your Sporcle Settings to finish the process.

Report this User

Report this user for behavior that violates our Community Guidelines.

Details: